| Record ID | marc_loc_2016/BooksAll.2016.part14.utf8:79204017:820 |
| Source | Library of Congress |
| Download Link | /show-records/marc_loc_2016/BooksAll.2016.part14.utf8:79204017:820?format=raw |
LEADER: 00820nam a2200241 a 4500
001 82142049
003 DLC
005 19830225000000.0
008 830225q19701982bl a b 00010 por
010 $a 82142049
043 $as-bl---
050 0 $aHD1872$b.D369 1970
082 0 $a338.1/0981$219
100 20 $aDelfim Netto, Antônio.
245 10 $aAgricultura e desenvolvimento no Brasil /$cAntonio Delfim Netto, Affonso Celso Pastore, Eduardo Pereira de Carvalho.
260 0 $aSão Paulo :$b[ANPES,$cbetween 1970 and 1982]
300 $axv, 152 leaves :$bill. ;$c32 cm.
440 0 $aEstudos ANPES ;$vno. 5
500 $a"Reimpressão."
504 $aIncludes bibliographical references.
650 0 $aAgriculture$xEconomic aspects$zBrazil.
700 10 $aPastore, Affonso Celso.
700 10 $aCarvalho, Eduardo Pereira de.